000 00636nam a2200205Ia 4500
001 14670
003 GE_BSU
008 181216s||||||||xx |||||||||||||| ||und||
040 _cGE_BSU
080 _a821.353.1+821.353.1-32
100 _aქიაჩელი,ლეო
245 _aთხზულებანი 5 ტომად. ტ.3. მოთხრობები
245 _cრედ. მ.ბაკურაძე
260 _aთბილისი
260 _bსაბჭოთა საქართველო
260 _c1961
300 _a416გვ.
653 _aმოთხრობები
942 _cBK
999 _c47796
_d47796